Marketing podle trhů

Salvato in:
Dettagli Bibliografici
Autore principale: Kincl, Jan
Natura: Libro
Lingua:ceco
Pubblicazione: Praha Alfa Publishing 2004
Serie:Management studium
Soggetti:
Tags: Aggiungi Tag
Nessun Tag, puoi essere il primo ad aggiungerne!!

MARC

LEADER 00000nam$a2200000$$$4500
001 0023135
005 20240306141521.9
020 |a 80-86851-02-8 
041 0 |a cze 
044 |a CZ 
245 1 0 |a Marketing podle trhů  |c Jan Kincl a kolektiv 
264 1 |a Praha  |b Alfa Publishing  |c 2004 
300 |a 172 s. 
490 1 |a Management studium 
830 0 |a Management studium 
610 2 0 |a marketing 
610 2 0 |a trh 
610 2 0 |a riadenie 
610 2 0 |a psychológia 
610 2 0 |a spotrebitelia 
610 2 0 |a výskum 
610 2 0 |a marketing mix 
610 2 0 |a produkty 
610 2 0 |a tovar priemyselný 
610 2 0 |a marketing služieb 
610 2 0 |a sektor terciárny 
610 2 0 |a politika 
610 2 0 |a komunikácia 
100 1 |a Kincl, Jan